Avropa İttifaqı ölkələri - Statistics

General Stats
  • This quiz has been taken 38 times
  • The average score is 14 of 27
Answer Stats
Country % Correct
Finlandiya
75%
Fransa
75%
Almaniya
63%
Avstriya
63%
Çexiya
63%
Danimarka
63%
İspaniya
63%
Macarıstan
63%
Xorvatiya
63%
Belçika
50%
Bolqarıstan
50%
Estoniya
50%
İrlandiya
50%
İsveç
50%
İtaliya
50%
Latviya
50%
Niderland
50%
Rumıniya
50%
Slovakiya
50%
Sloveniya
50%
Kipr
38%
Litva
38%
Lüksemburq
38%
Malta
38%
Polşa
38%
Portuqaliya
38%
Yunanıstan
38%
No matching quizzes found
Score Distribution
Percent of People with Each Score
Percentile by Number Answered
Your Score History
You have not taken this quiz